Zelené verejné obstarávanie bakalárska práca

Na minha lista:
Detalhes bibliográficos
Autor principal: Žačoková, Viktória
Corporate Authors: Ekonomická univerzita v Bratislave. Národohospodárska fakulta, Univerzita Komenského v Bratislave. Právnická fakulta
Outros Autores: Hodás, Milan
Formato: Livro
Idioma:eslovaco
Publicado em: Bratislava 2023
Tags: Adicionar Tag
Sem tags, seja o primeiro a adicionar uma tag!

MARC

LEADER 00000nbm a2200000 4500
001 0295904
005 20231129132156.2
041 0 |a slo 
044 |a SK 
245 1 0 |a Zelené verejné obstarávanie  |b bakalárska práca  |c Viktória Žačoková ; školiteľ: Milan Hodás 
264 1 |a Bratislava  |c 2023 
300 |a 68 s. 
100 1 |a Žačoková, Viktória 
700 1 |a Hodás, Milan 
710 2 |a Ekonomická univerzita v Bratislave. Národohospodárska fakulta 
710 2 |a Univerzita Komenského v Bratislave. Právnická fakulta